000 01041cam a22003017a 4500
003 CHAP
005 20220329134545.0
008 971013c19721968 r 00010 d
010 _a22158
011 _a23130
035 _a27225
040 _cCHAP
082 _a627.56
_bA8Y
100 0 0 _aAt de Saint-Foulc, Jean d'.
_98209
245 1 3 _aEl riego por aspersión
260 _aBarcelona :
_bEditorial Técnicos Asociados,
_c1972 (c.1968)
300 _a252 p.
_b: ilus. ; láms
590 _aBATCH-UPD
_b10
_c20130110
_lUCH01
_h2029
590 _aBATCH-UPD
_b10
_c20130410
_lUCH01
_h1346
590 _aBATCH-UPD
_b10
_c20130914
_lUCH01
_h2004
590 _aCONVERSION
_b10
_c20130109
_lUCH01
_h1313
650 1 4 _aRiego por aspersión.
_997375
901 _aBK
942 _cLIBRO
949 _a627.56 A8Y
_bBC
_cLIBRO
_d33724000022430
_eLIBRO
_fc.3
_h46033
_i27225
_si
_t495.00
949 _a627.56 A8Y
_bBC
_cLIBRO
_d33724000022513
_eLIBRO
_fc.2
_h44964
_i27225
_si
_t495.00
949 _a627.56 A8Y
_bBC
_cLIBRO
_d33724002054207
_eLIBRO
_h27929
_i27225
_si
_t495.00
999 _c22158
_d22158